London music in 1888-89 as heard by Corno di Bassetto (later known as Bernard Shaw) with some further autobiographical particulars (Record no. 76599)
[ view plain ]
| 000 -LEADER | |
|---|---|
| fixed length control field | 01124nam a2200337 a 4500 |
| 001 - CONTROL NUMBER | |
| control field | 76599 |
| 003 - CONTROL NUMBER IDENTIFIER | |
| rucl marc code | BD-RjUL |
| 005 - DATE AND TIME OF LATEST TRANSACTION | |
| control field | 20211209082849.0 |
| 008 - FIXED-LENGTH DATA ELEMENTS--GENERAL INFORMATION | |
| fixed length control field | 191224s1937 enk 001 0 eng d |
| 035 ## - SYSTEM CONTROL NUMBER | |
| System control number | BD-RjUL)76823 |
| 040 ## - CATALOGING SOURCE | |
| Original cataloging agency | BD-RjUL |
| Language of cataloging | eng |
| Transcribing agency | BD-RjUL |
| 041 ## - LANGUAGE CODE | |
| Language code of text/sound track or separate title | eng |
| 049 ## - LOCAL HOLDINGS (OCLC) | |
| Holding library | CU |
| Local processing data | o |
| 082 0# - DEWEY DECIMAL CLASSIFICATION NUMBER | |
| Classification number | 780.9421 |
| Edition number | 23 |
| Author mark and year | SHL 1950 |
| 092 ## - LOCALLY ASSIGNED DEWEY CALL NUMBER (OCLC) | |
| Classification number | D0504125221 |
| 100 1# - MAIN ENTRY--PERSONAL NAME | |
| Personal name | Shaw, Bernard, |
| Dates associated with a name | 1856-1950. |
| 9 (RLIN) | 236827 |
| 245 10 - TITLE STATEMENT | |
| Title | London music in 1888-89 as heard by Corno di Bassetto (later known as Bernard Shaw) with some further autobiographical particulars |
| 260 ## - PUBLICATION, DISTRIBUTION, ETC. (IMPRINT) | |
| Place of publication, distribution, etc. | London : |
| Name of publisher, distributor, etc. | Constable, |
| Date of publication, distribution, etc. | 1937.[1950] |
| 300 ## - PHYSICAL DESCRIPTION | |
| Pagination | 420 p. ; |
| Size | 21 cm. |
| 650 #0 - SUBJECT ADDED ENTRY--TOPICAL TERM | |
| Topical term or geographic name as entry element | Music |
| Geographic subdivision | England |
| -- | London. |
| 9 (RLIN) | 236828 |
| Topical term or geographic name as entry element | Musical criticism |
| Geographic subdivision | England. |
| 9 (RLIN) | 236829 |
| 942 ## - ADDED ENTRY ELEMENTS (KOHA) | |
| Source of classification or shelving scheme | Dewey Decimal Classification |
| Koha item type | Books |
| Lost status | Source of classification or shelving scheme | Damaged status | Not for loan | Collection code | Permanent Location | Current Location | Shelving location | Date acquired | Source of acquisition | Cost, normal purchase price | Total Checkouts | Full call number | Date last seen | Copy number | Koha item type |
|---|---|---|---|---|---|---|---|---|---|---|---|---|---|---|---|
| Dewey Decimal Classification | Not For Loan | Non-fiction | Central Library, University of Rajshahi | Central Library, University of Rajshahi | Reading Room | 06/08/1956 | B.H. Blackwell | 0.00 | 780.9421 SHL 1950 | 24/12/2019 | C-1 | Books |